[Event "Mumbai Wealth op U13 4th"]
[Site "Mumbai"]
[Date "2019.01.06"]
[Round "8"]
[White "Dande Vyankatesh, S."]
[Black "Vegi, Bhavishnu Sai Sivaj"]
[Result "1-0"]
[WhiteElo "1418"]
[BlackElo "1225"]
[PlyCount "83"]
[EventDate "2018.12.30"]
[EventType "swiss"]
[EventRounds "9"]
[EventCountry "IND"]
[SourceTitle "CBM 188 Extra"]
[Source "ChessBase"]
[SourceDate "2019.02.26"]
[SourceVersion "1"]
[SourceVersionDate "2019.02.26"]
[SourceQuality "1"]

1. e4 c5 2. Nf3 d6 3. d4 cxd4 4. Nxd4 Nf6 5. Nc3 g6 6. f4 Bg7 7. e5 Ng8 8. Bb5+ Bd7 9. e6 Bxb5 10. exf7+ Kxf7 11. Ndxb5 Nf6 12. 0-0 a6 13. Na3 e6 14. Nc4 d5 15. Ne5+ Ke7 16. Be3 Nbd7 17. Qd4 a5 18. Nb5 Rg8 19. Qc3 Ne4 20. Qa3+ Ke8 21. Bd4 Rc8 22. Qh3 Nf8 23. Qa3 Nd7 24. Rae1 Ndc5 25. Rxe4 Nxe4 26. Qh3 Qe7 27. Qxh7 Rh8 28. Qxg6+ Kf8 29. f5 Nf6 30. fxe6 Rd8 31. Nd7+ Rxd7 32. exd7 Rh6 33. Rxf6+ Bxf6 34. Qxh6+ Kg8 35. Qg6+ Kf8 36. Qxf6+ Qxf6 37. Bxf6 Kf7 38. d8Q Kg6 39. Nd4 Kf7 40. Qe7+ Kg6 41. Qg7+ Kh5 42. Qg5# 1-0